000 00257nam a22001217a 4500
008 181018b xxu||||| |||| 00| 0 eng d
041 _aeng
080 _a370
100 _a48
101 _aEDU
245 _aReadings Keys
_cFlemmiing.L
942 _2udc
_cBK
999 _c50102
_d50102